Managerial statistics / (Record no. 233)
| 000 -LEADER | |
|---|---|
| fixed length control field | 01125nam a22002057a 4500 |
| 003 - CONTROL NUMBER IDENTIFIER | |
| control field | OSt |
| 005 - DATE AND TIME OF LATEST TRANSACTION | |
| control field | 20140116120822.0 |
| 008 - FIXED-LENGTH DATA ELEMENTS--GENERAL INFORMATION | |
| fixed length control field | 111012t xxu||||| |||| 00| 0 eng d |
| 020 ## - INTERNATIONAL STANDARD BOOK NUMBER | |
| International Standard Book Number | 9781111534639 |
| 040 ## - CATALOGING SOURCE | |
| Transcribing agency | DLC |
| 050 ## - LIBRARY OF CONGRESS CALL NUMBER | |
| Classification number | HD30.215.K45 2011 |
| 100 ## - MAIN ENTRY--PERSONAL NAME | |
| Personal name | Keller, Gerald |
| 245 ## - TITLE STATEMENT | |
| Title | Managerial statistics / |
| Statement of responsibility, etc | Gerald Keller |
| 250 ## - EDITION STATEMENT | |
| Edition statement | 9th ed. |
| 260 ## - PUBLICATION, DISTRIBUTION, ETC. (IMPRINT) | |
| Place of publication, distribution, etc | Australia : |
| Name of publisher, distributor, etc | South Western, Cengage Learning , |
| Date of publication, distribution, etc | 2011. |
| 300 ## - PHYSICAL DESCRIPTION | |
| Extent | xxx, 921 [A-1, I-10] |
| Other physical details | col. ill. |
| 500 ## - GENERAL NOTE | |
| General note | Includes index |
| 505 ## - FORMATTED CONTENTS NOTE | |
| Formatted contents note | What is statistics-- Graphical descriptive techniques-- Numerical descriptive techniques-- Data collection and sampling-- Probability-- RAndom variables and descrite probability distributions-- Sampling distributions-- Introduction to estimation-- Introduction to hypothetical testing-- Inference about a population-- Inference about comparing two populations-- Analysis variance-- Chi-squared tests-- Simple linear regression and correlation-- Multiple regresion and correlation-- Multiple regresion-- Model building-- Nonparametric statistics-- Time series analysis and forecasting |
| Miscellaneous information | i |
| 942 ## - ADDED ENTRY ELEMENTS (KOHA) | |
| Source of classification or shelving scheme | |
| Koha item type | Book |
| Withdrawn status | Lost status | Source of classification or shelving scheme | Damaged status | Not for loan | Home library | Current library | Date acquired | Source of acquisition | Total Checkouts | Full call number | Barcode | Date last seen | Date checked out | Copy number | Price effective from | Koha item type | Total Renewals |
|---|---|---|---|---|---|---|---|---|---|---|---|---|---|---|---|---|---|
| Riara University Library | Riara University Library | 12/10/2011 | Purchase | 1 | HD30.215.K45 2011 | 1827/11 | 11/07/2018 | 11/07/2018 | C.1 | 12/10/2011 | Book | ||||||
| Riara University Library | Riara University Library | 12/10/2011 | Purchase | 9 | HD30.215.K45 2011 | 1825/11 | 01/12/2015 | 02/11/2015 | C.2 | 12/10/2011 | Book | 4 | |||||
| Riara University Library | Riara University Library | 12/10/2011 | Purchase | HD30.215.K45 2011 | 1826/11 | 12/10/2011 | C.3 | 12/10/2011 | Book | ||||||||
| Riara University Library | Riara University Library | 12/10/2011 | Purchase | HD30.215.K45 2011 | 2123/11 | 12/10/2011 | C.4 | 12/10/2011 | Book | ||||||||
| Riara University Library | Riara University Library | 12/10/2011 | Purchase | 2 | HD30.215.K45 2011 | 2122/11 | 21/05/2015 | 21/05/2015 | C.5 | 12/10/2011 | Book | ||||||
| Riara University Library | Riara University Library | 12/10/2011 | Purchase | 4 | HD30.215.K45 2011 | 2124/11 | 04/10/2013 | 23/09/2013 | C.6 | 12/10/2011 | Book | 1 |
